00481nam a2200133Ia 4500008004100000020001800041050002400059100001700083245006600100260004700166300007400213521000700287650005300294140527s9999 xx 000 0 und d a9780194529501 aPE 1128b.T817 2006 aTrew, Grant. aTactics for TOEIC :bspeaking and writing tests /cGrant Trew aOxford :bOxford University Press,cc2006. a263 p. :bcol. ill. ;c28 cm.e+ 1 sound disc (4 3/4 in.) & book key. aGE aTest of English for International Communication.